|
|
|
|
| LEADER |
00652nab a2200193 i 4500 |
| 001 |
tisza7417 |
| 005 |
20200330131921.0 |
| 008 |
170517s1972 hu o 0|| hun d |
| 022 |
|
|
|a 0133-1167
|
| 040 |
|
|
|a SZTE Tiszatáj Archívum
|b hun
|
| 041 |
|
|
|a hun
|
| 100 |
1 |
|
|a Veress Miklós
|
| 245 |
1 |
0 |
|a Beney Zsuzsa
|h [elektronikus dokumentum] :
|b Tűzföld : [könyvismertetés] /
|c Veress Miklós
|
| 260 |
|
|
|c 1972
|
| 300 |
|
|
|a 92
|
| 490 |
0 |
|
|a Tiszatáj
|v 26 No. 6
|
| 695 |
|
|
|a Magyar irodalom - költészet - könyvismertetés, Beney Zsuzsa
|
| 700 |
0 |
1 |
|a Beney Zsuzsa
|
| 856 |
4 |
0 |
|u http://tiszataj.bibl.u-szeged.hu/7417/1/tiszataj_1972_006_092.pdf
|z Dokumentum-elérés
|